000 00785nma a22002057a 4500
005 20210325205730.0
006 g q ||
008 s2554 th tha d
041 _atha
090 _aCD1798/1, CD1798/2
245 1 0 _aสวนสวยจัดได้ด้วยตนเอง [CD-ROM]
260 3 _aกรุงเทพฯ :
_bเอ็มไอเอส,
_c2554
300 _a1 แผ่น :
_b Sd., Col.
650 0 4 _aการจัดสวน
650 0 4 _aสวน -- การจัดและตกแต่ง
850 _aNALT
942 _cCD
997 _c000000000064288
_kVC
998 _aนายนายสมเกียรติ หะรังศรี
999 _c64288
_d64288